[Event "David Bronstein Memorial"]
[Site "SchemingMind.com"]
[Date "2007.02.10"]
[Round "-"]
[White "russellhead"]
[Black "bigfoot1"]
[Result "0-1"]
[WhiteCountry "USA"]
[BlackCountry "FRA"]
[WhiteElo "1523"]
[WhiteRD "64"]
[BlackElo "1614"]
[BlackRD "79"]
[GameID "91077"]

1. e4 e6 2. d4 d5 3. Nc3 Bb4 4. e5 c5 5. a3 Bxc3+ 6. bxc3 Qc7 7. Qg4 f5 8. Qg3 cxd4 9. cxd4 Ne7 10. c3 O-O
11. Ne2 Nbc6 12. Nf4 Kh8 13. Nh5 Ng6 14. Bd3 Nxd4 15. cxd4 Qc3+
0-1

[Event "David Bronstein Memorial"]
[Site "SchemingMind.com"]
[Date "2007.02.08"]
[Round "-"]
[White "Lee Shuck"]
[Black "Cruyce"]
[Result "0-1"]
[WhiteCountry "ENG"]
[BlackCountry "BEL"]
[WhiteElo "1412"]
[WhiteRD "68"]
[BlackElo "2127"]
[BlackRD "76"]
[GameID "91078"]

1. e4 c5 2. Nf3 e6 3. d4 cxd4 4. Nxd4 Nc6 5. Nxc6 bxc6 6. Nc3 Nf6 7. e5 Nd5 8. Nxd5 cxd5 9. Qd4 Qc7 10. Bd3 Bc5
11. Qa4 Qxe5+ 12. Be2 O-O 13. Bf4 Qxb2 14. O-O Qd4 15. Qxd4 Bxd4 16. Rfd1 Bxa1 17. Rxa1 a5 18. a4 Ba6 19. Bd6 Bxe2 20. Re1 Bc4
21. Bxf8 Kxf8 22. c3 Rb8 23. f4 Ke7 24. Kf2 Rb2+ 25. Kg3 Rb3
0-1

[Event "David Bronstein Memorial"]
[Site "SchemingMind.com"]
[Date "2007.02.09"]
[Round "-"]
[White "Ilang"]
[Black "ekulrac"]
[Result "1-0"]
[WhiteCountry "HUN"]
[BlackCountry "SCO"]
[WhiteElo "2236"]
[WhiteRD "70"]
[BlackElo "1712"]
[BlackRD "49"]
[GameID "91294"]

1. e4 Nc6 2. d4 e5 3. dxe5 Nxe5 4. Nc3 d6 5. Nf3 Ng6 6. Bb5+ Bd7 7. Bxd7+ Qxd7 8. Qd5 Rb8 9. O-O Nf6 10. Qa5 Be7
11. Rd1 Qg4 12. h3 Qh5 13. Nd5 Nxd5 14. Rxd5 Ne5 15. Nxe5 dxe5 16. Qxc7
1-0

[Event "David Bronstein Memorial"]
[Site "SchemingMind.com"]
[Date "2007.02.09"]
[Round "-"]
[White "ekulrac"]
[Black "Ilang"]
[Result "0-1"]
[WhiteCountry "SCO"]
[BlackCountry "HUN"]
[WhiteElo "1712"]
[WhiteRD "49"]
[BlackElo "2236"]
[BlackRD "70"]
[GameID "91301"]

1. e4 e5 2. Nf3 Nc6 3. Bb5 a6 4. Bxc6 dxc6 5. O-O f6 6. d3 Bd6 7. Be3 Ne7 8. Nbd2 O-O 9. h3 Be6 10. Kh2 c5
11. Nc4 Nc6 12. Nxd6 cxd6 13. c4 b5 14. b3 Qe8 15. Nh4 Qd7 16. g4 g5 17. Nf5 Bxf5 18. gxf5 bxc4 19. dxc4 Nd4 20. b4 Qb7
21. Bxd4 exd4 22. bxc5 dxc5 23. Qg4 Rae8 24. f3 Qb2+ 25. Qg2 Qxg2+ 26. Kxg2 Rb8 27. Rab1 Rfd8 28. Rfd1 Kf7 29. h4 gxh4 30. f4 Rxb1
31. Rxb1 d3 32. Rd1 Rd4 33. e5 Rxf4 34. e6+ Ke7 35. Rxd3 Rxf5 36. Rd7+ Kxe6 37. Ra7 Rf4 38. Rxa6+ Kf5 39. Ra7 h6 40. Rh7 Rxc4
41. Rxh6 Kg5 42. Rh7 Rc2+ 43. Kh3 Rc3+
0-1

[Event "David Bronstein Memorial"]
[Site "SchemingMind.com"]
[Date "2007.03.02"]
[Round "-"]
[White "Mekk"]
[Black "NebAnphu"]
[Result "1-0"]
[WhiteCountry "POL"]
[BlackCountry "POL"]
[WhiteElo "1807"]
[WhiteRD "57"]
[BlackElo "2000"]
[BlackRD "97"]
[GameID "93984"]

1. e4 e6 2. d4 d5 3. Nc3 dxe4 4. Nxe4 Nd7 5. Nf3 Ngf6 6. Nxf6+ Nxf6 7. Bd3 b6 8. Bg5 Bb7 9. Qe2 Be7 10. O-O-O O-O
11. Kb1 Re8 12. h4 a5 13. h5 Rc8 14. Ne5 Nd7 15. Bxh7+ Kf8 16. Nxf7 Kxf7 17. Bg6+
1-0

[Event "David Bronstein Memorial"]
[Site "SchemingMind.com"]
[Date "2007.03.01"]
[Round "-"]
[White "NebAnphu"]
[Black "Mekk"]
[Result "1-0"]
[WhiteCountry "POL"]
[BlackCountry "POL"]
[WhiteElo "2000"]
[WhiteRD "97"]
[BlackElo "1807"]
[BlackRD "57"]
[GameID "93987"]

1. e4 e6 2. d3 d5 3. Nd2 c5 4. Ngf3 Nc6 5. g3 Nf6 6. Bg2 Be7 7. O-O O-O 8. Re1 b5 9. e5 Nd7 10. Nf1 a5
11. h4 Ba6 12. Bf4 b4 13. N1h2 a4 14. a3 Bb5 15. Ng5 Qe8 16. Qh5 h6 17. Ng4 hxg5 18. hxg5 f5 19. g6
1-0

[Event "David Bronstein Memorial"]
[Site "SchemingMind.com"]
[Date "2007.03.01"]
[Round "-"]
[White "PankracyRozumek"]
[Black "francisco"]
[Result "1-0"]
[WhiteCountry "POL"]
[BlackCountry "ESP"]
[WhiteElo "1918"]
[WhiteRD "67"]
[BlackElo "1637"]
[BlackRD "77"]
[GameID "94562"]

1. c4 f5 2. Nf3 e6 3. g3 Nf6 4. Bg2 Be7 5. O-O O-O 6. b3 d5 7. Bb2 Qe8 8. cxd5 exd5 9. Bxf6 Bxf6 10. d4 Nc6
11. Nc3 Be6 12. e3 Qg6 13. Ne2 Ne7 14. Ne1 c6 15. Nd3 Qf7 16. Nef4 Ng6 17. Nxg6 Qxg6 18. Nc5 Bc8 19. a4 b6 20. Nd3 Ba6
21. Re1 Bxd3 22. Qxd3 Rfe8 23. Rac1
1-0

[Event "David Bronstein Memorial"]
[Site "SchemingMind.com"]
[Date "2007.03.02"]
[Round "-"]
[White "francisco"]
[Black "PankracyRozumek"]
[Result "0-1"]
[WhiteCountry "ESP"]
[BlackCountry "POL"]
[WhiteElo "1644"]
[WhiteRD "79"]
[BlackElo "1857"]
[BlackRD "68"]
[GameID "94563"]

1. e4 g6 2. f4 Bg7 3. Nf3 c5 4. Bc4 Nc6 5. c3 e6 6. d4 cxd4 7. cxd4 a6 8. Bb3 Nge7 9. O-O O-O 10. Nc3 b5
11. Be3 Bb7 12. d5 exd5 13. Nxd5 Nxd5 14. Bxd5 Qc7 15. Rb1 Nb4 16. Bxb7 Qxb7 17. Bc5 Qxe4 18. Bxf8 Rxf8 19. Qd2 Nd3
0-1

[Event "David Bronstein Memorial"]
[Site "SchemingMind.com"]
[Date "2007.03.05"]
[Round "-"]
[White "GrischukFan"]
[Black "Katarrov"]
[Result "1-0"]
[WhiteCountry "GER"]
[BlackCountry "ESP"]
[WhiteElo "2182"]
[WhiteRD "108"]
[BlackElo "2144"]
[BlackRD "96"]
[GameID "94926"]

1. e4 e5 2. Nf3 Nc6 3. Bb5 a6 4. Ba4 Nf6 5. O-O Be7 6. Re1 b5 7. Bb3 O-O 8. c3 d5 9. exd5 Nxd5 10. Nxe5 Nxe5
11. Rxe5 c6 12. d4 Bd6 13. Re1 Qh4 14. g3 Qh3 15. Re4 g5 16. Qf1 Qh5 17. f3 Bf5 18. Nd2 Rae8 19. a4 Bxe4 20. Nxe4 Be7
21. axb5 axb5 22. Ra6 g4 23. Rxc6 gxf3 24. Rh6 Qf5 25. Qd3 Kh8 26. Bxd5 Bd8 27. Bf4 Rg8 28. Qxf3 Qxd5 29. Rxh7+ Kxh7 30. Nf6+ Bxf6
31. Qxd5 Kg7 32. Qxb5 Bd8 33. b4 Re6 34. c4 Bf6 35. d5 Ree8 36. c5 Re1+ 37. Kg2 Ra1 38. Qe2 Raa8 39. Qg4+ Kf8 40. Bd6+ Be7
41. Bxe7+
1-0

[Event "David Bronstein Memorial"]
[Site "SchemingMind.com"]
[Date "2007.03.05"]
[Round "-"]
[White "Katarrov"]
[Black "GrischukFan"]
[Result "1-0"]
[WhiteCountry "ESP"]
[BlackCountry "GER"]
[WhiteElo "2175"]
[WhiteRD "92"]
[BlackElo "2211"]
[BlackRD "97"]
[GameID "94934"]

1. e4 c5 2. Nf3 d6 3. d4 cxd4 4. Nxd4 Nf6 5. Nc3 g6 6. Be3 Bg7 7. Be2 Nc6 8. O-O O-O 9. Nb3 Be6 10. f4 Rc8
11. Bf3 Qd7 12. h3 Bc4 13. Rf2 Rfd8 14. Qd2 b6 15. Rd1 e6 16. Nd4 d5 17. e5 Nxd4 18. Bxd4 Ne8 19. b3 Ba6 20. Re1 Rc7=
21. Nd1 Rdc8 22. Ne3 f6 23. g3 f5 24. a4 Bf8 25. Ra1 Bc5 26. a5 Bxd4 27. Qxd4 b5 28. Rd2 Rc3 29. Be2 Qe7 30. b4 Ng7
31. Bd3 Kh8 32. Kg2 R8c7 33. Be2 Nh5 34. Ra2 Qf8 35. Rd3 R3c6 36. Raa3 Bb7 37. Bf3 a6 38. Rac3 Qe8 39. Rxc6 Qxc6 40. c3 Qe8
41. Nc2 h6 42. Qb6 Qc8 43. Qe3 Rg7 44. Nd4 Qe8 45. Nb3 g5 46. Qe2 g4 47. hxg4 fxg4 48. Bxg4 Nxf4+ 49. gxf4 h5 50. Rh3 Kg8
51. Nc5 Qf7 52. Rh4 hxg4 53. Kg3 Bc8 54. Rh6 Qf5 55. Qh2 Rh7 56. Rxh7 Qxh7 57. Qxh7+ Kxh7 58. Kxg4 Kg6 59. Nb3 Bd7 60. Nd4 Bc8
61. Nf3 Bd7 62. Nh4+ Kf7 63. Kg5 Bc8 64. Nf3 Bd7 65. Nd4 Bc8 66. Nb3 Bd7 67. Nc5 Bc8 68. Kh6
1-0

[Event "David Bronstein Memorial"]
[Site "SchemingMind.com"]
[Date "2007.04.07"]
[Round "-"]
[White "Ilang"]
[Black "Cruyce"]
[Result "1-0"]
[WhiteCountry "HUN"]
[BlackCountry "BEL"]
[WhiteElo "2225"]
[WhiteRD "68"]
[BlackElo "2142"]
[BlackRD "75"]
[GameID "99854"]

1. e4 c5 2. c3 d5 3. exd5 Qxd5 4. Nf3 Nf6 5. Na3 Nc6 6. Be2 Bf5 7. O-O O-O-O 8. d4 e6 9. Bc4 Qd7 10. Bf4 Bg4
11. Rc1 Bd6 12. Be3 Bb8 13. h3 Bh5 14. Re1 Nd5 15. Bg5 f6 16. Bd2 g5 17. dxc5 Qe7 18. Qe2 Rhe8 19. b4 Ne5 20. g4 Nxf3+
21. Qxf3 Bg6 22. Rcd1 Qc7 23. Qg2 h5 24. Be2 Qh7 25. c6 hxg4 26. Bxg4 bxc6 27. c4 Ne7 28. Bxe6+ Kb7 29. b5 Bc7 30. bxc6+ Nxc6
31. Nb5 a6 32. Nxc7 Qxc7 33. Bd5 Rxe1+ 34. Rxe1 Re8 35. Rd1 Bc2 36. Rc1 Bg6 37. Rc3 Rc8 38. Rb3+ Ka8 39. Ba5 Qd6 40. Rb6
1-0

[Event "David Bronstein Memorial"]
[Site "SchemingMind.com"]
[Date "2007.04.06"]
[Round "-"]
[White "Cruyce"]
[Black "Ilang"]
[Result "1/2-1/2"]
[WhiteCountry "BEL"]
[BlackCountry "HUN"]
[WhiteElo "2142"]
[WhiteRD "75"]
[BlackElo "2225"]
[BlackRD "68"]
[GameID "99859"]

1. d4 d5 2. Nf3 Nf6 3. c4 e6 4. g3 dxc4 5. Bg2 a6 6. O-O Nc6 7. e3 Bd7 8. Nc3 Bd6 9. Qe2 b5 10. e4 Be7
11. d5 Nb4 12. Ne5 exd5 13. a3 Nd3 14. Nxd3 cxd3 15. Qxd3 O-O 16. Nxd5 Nxd5 17. exd5 Re8 18. Be4 g6 19. Be3 Rc8 20. Rac1 Bf6
21. b4 Qe7 22. Bg2 Bb2 23. Rc5 Be5 24. Bd4 Bd6 25. Rcc1 Qe2 26. Qc3 Qc4 27. Qa1 Qe2 28. Rfe1 Qh5 29. Qc3 Rxe1+ 30. Rxe1 Re8
31. Rxe8+ Bxe8 32. Bf3 Qg5 33. Bf6 Qf5 34. Bh8 Bf8 35. Kg2 Qd7 36. Be5 Bd6 37. Bf6 Be7 38. Bd4 Qd8 39. Be5 Bd6 40. Bh8 Bf8=
41. h4 h5 42. Be5 Bd6 43. Bd4 Bd7 44. Qe3 Qe7 45. Bc3 Qxe3 46. fxe3 f5 47. Kf2=
1/2-1/2

[Event "David Bronstein Memorial"]
[Site "SchemingMind.com"]
[Date "2007.05.04"]
[Round "-"]
[White "NebAnphu"]
[Black "PankracyRozumek"]
[Result "1-0"]
[WhiteCountry "POL"]
[BlackCountry "POL"]
[WhiteElo "2021"]
[WhiteRD "100"]
[BlackElo "1870"]
[BlackRD "74"]
[GameID "103529"]

1. e4 e5 2. Bc4 Nf6 3. d3 Nc6 4. Nc3 Na5 5. Nge2 Nxc4 6. dxc4 Bc5 7. O-O d6 8. Qd3 Be6 9. b3 O-O 10. Be3 Nd7
11. Ng3 c6 12. Rfd1 Ba3 13. Bc1 Nc5 14. Qe3 Bxc1 15. Raxc1 Qc7 16. Rd2 Rfd8 17. Rcd1 b6 18. f4 exf4 19. Qxf4 Nb7 20. Nf5 Bxf5
21. exf5 f6 22. Ne4 Rd7 23. Qg3 Qd8 24. Nxd6 Nxd6 25. Rxd6 Rxd6 26. Rxd6 Qc7= 27. Qd3 Re8 28. Qg3 Rd8 29. Rd3 Qe7 30. Rxd8+ Qxd8
31. Qd3 Qe7 32. Kf2 Kf7 33. h4 g6= 34. Kf3 g5 35. hxg5 fxg5 36. Kg4 h6 37. Kh5 Kg7 38. Qc3+ Kh7 39. Qd3 Qf7+ 40. Kg4 Kg7
41. Qd4+ Kh7 42. Qe5 c5 43. Qe6 Qxe6 44. fxe6 Kg6 45. e7
1-0

[Event "David Bronstein Memorial"]
[Site "SchemingMind.com"]
[Date "2007.05.04"]
[Round "-"]
[White "PankracyRozumek"]
[Black "NebAnphu"]
[Result "0-1"]
[WhiteCountry "POL"]
[BlackCountry "POL"]
[WhiteElo "1905"]
[WhiteRD "73"]
[BlackElo "2008"]
[BlackRD "99"]
[GameID "103534"]

1. c4 g6 2. d4 Bg7 3. Nf3 d6 4. Nc3 Nf6 5. e4 O-O 6. Be2 e5 7. Be3 Ng4 8. Bg5 f6 9. Bh4 Nc6 10. d5 Ne7
11. b4 g5 12. Bg3 Nh6 13. h4 g4 14. Nh2 f5 15. exf5 Nexf5 16. Nxg4 Nxg4 17. Bxg4 Nxg3 18. fxg3 e4 19. Rc1 Bxc3+ 20. Rxc3 Qf6
21. Rc2 Qe5 22. Be2 e3 23. Qd3 Qxg3+ 24. Kd1 Bf5 25. Qd4 Bxc2+ 26. Kxc2 Rf4 27. Qa1 Rf2 28. Qe1 Qxg2
0-1

[Event "David Bronstein Memorial"]
[Site "SchemingMind.com"]
[Date "2007.06.14"]
[Round "-"]
[White "bigfoot1"]
[Black "C. H. O'D. Schlechter"]
[Result "0-1"]
[WhiteCountry "FRA"]
[BlackCountry "USA"]
[WhiteElo "1730"]
[WhiteRD "98"]
[BlackElo "2395"]
[BlackRD "70"]
[GameID "108502"]

1. e4 e5 2. Nf3 Nc6 3. Bb5 a6 4. Ba4 Nf6 5. O-O Be7 6. Re1 b5 7. Bb3 d6 8. c3 O-O 9. h3 Nb8 10. d4 Nbd7
11. Nbd2 Bb7 12. Bc2 Re8 13. Nf1 Bf8 14. Ng3 g6 15. a4 c5 16. d5 c4 17. Bg5 h6 18. Be3 Nc5 19. Qd2 Kh7 20. Nh2 Qc7
21. Rf1 Bg7 22. f4 bxa4 23. Kh1 Nb3 24. Bxb3 axb3 25. fxe5 dxe5 26. Rxf6 Bxf6 27. Ng4 Bg7 28. Bxh6 f6 29. Rf1 Rf8 30. Nf5 gxf5
31. Rxf5 Rae8 32. Bxg7 Qxg7 33. Rh5+ Kg6 34. Rh6+ Kf7 35. Nxf6 Rh8 36. Qf2 Rxh6
0-1

[Event "David Bronstein Memorial"]
[Site "SchemingMind.com"]
[Date "2007.06.14"]
[Round "-"]
[White "C. H. O'D. Schlechter"]
[Black "bigfoot1"]
[Result "1-0"]
[WhiteCountry "USA"]
[BlackCountry "FRA"]
[WhiteElo "2394"]
[WhiteRD "69"]
[BlackElo "1694"]
[BlackRD "101"]
[GameID "108508"]

1. e4 e6 2. d4 d5 3. Nc3 Bb4 4. e5 c5 5. a3 Bxc3+ 6. bxc3 Qc7 7. Qg4 f5 8. Qg3 cxd4 9. cxd4 Ne7 10. Ne2 O-O
11. c3 Nbc6 12. Nf4 Na5 13. Rb1 Nc4 14. Be2 Bd7 15. O-O Rac8 16. Qg5 Rf7 17. Bh5 g6 18. Be2 Nb6 19. Bd2 Kh8 20. h4 Kg8
21. h5
1-0

[Event "David Bronstein Memorial"]
[Site "SchemingMind.com"]
[Date "2007.09.10"]
[Round "-"]
[White "NebAnphu"]
[Black "Ilang"]
[Result "0-1"]
[WhiteCountry "POL"]
[BlackCountry "HUN"]
[WhiteElo "2088"]
[WhiteRD "99"]
[BlackElo "2274"]
[BlackRD "74"]
[GameID "119286"]

1. f4 d5 2. Nf3 g6 3. g3 Bg7 4. Bg2 Nf6 5. O-O O-O 6. d3 c5 7. c3 Nc6 8. Na3 b6 9. Qa4 Qc7 10. e4 dxe4
11. dxe4 Bd7 12. Qc2 Rad8 13. f5 Qc8 14. Nh4 Ng4 15. Qe2 Nge5 16. Bf4 h6 17. Be3 g5 18. Nf3 Nxf3+ 19. Bxf3 Ne5 20. Bg2 Bc6
21. Rad1 Qb7 22. Qc2 Qa6 23. c4 Ng4 24. Bf2 Nxf2 25. Kxf2 Bd4+ 26. Kf3 h5 27. h3 Qc8 28. g4 Qb8 29. Qd2 f6 30. Nc2 h4
31. Ke2 Qh2 32. Ne1 Bxe4
0-1

[Event "David Bronstein Memorial"]
[Site "SchemingMind.com"]
[Date "2007.09.10"]
[Round "-"]
[White "Ilang"]
[Black "NebAnphu"]
[Result "0-1"]
[WhiteCountry "HUN"]
[BlackCountry "POL"]
[WhiteElo "2274"]
[WhiteRD "74"]
[BlackElo "2088"]
[BlackRD "99"]
[GameID "119292"]

1. e4 d5 2. exd5 Nf6 3. Nf3 Qxd5 4. d4 Bg4 5. Nc3 Qf5 6. h3 Bxf3 7. Qxf3 Qxf3 8. gxf3 c6 9. Rg1 Nbd7 10. Bf4 O-O-O
11. O-O-O g6 12. Bc4 e6 13. Ne4 Be7 14. Be2 Nd5 15. Nd6+ Kc7 16. Nxf7+ Nxf4 17. Bf1 Rhf8 18. Nxd8 Rxd8 19. c3 e5 20. Kc2 Bf6
21. dxe5 Nxe5 22. Rxd8 Kxd8 23. Rh1 Nxf3 24. Bd3 Kd7 25. b4 Bh4 26. Be4 Ng5 27. f3 Ke6 28. a4 Nxe4 29. fxe4 g5 30. Kd2 b6
31. Ke3 h5 32. a5 b5 33. a6= Ke5 34. Rh2 Be1 35. Kf3 Bxc3 36. Rc2 Bxb4 37. Rxc6 Nxh3 38. Rb6 g4+
0-1

[Event "David Bronstein Memorial"]
[Site "SchemingMind.com"]
[Date "2007.11.05"]
[Round "-"]
[White "C. H. O'D. Schlechter"]
[Black "GrischukFan"]
[Result "1/2-1/2"]
[WhiteCountry "USA"]
[BlackCountry "GER"]
[WhiteElo "2405"]
[WhiteRD "71"]
[BlackElo "2340"]
[BlackRD "84"]
[GameID "127203"]

1. d4 Nf6 2. c4 e6 3. Nc3 Bb4 4. Qc2 O-O 5. a3 Bxc3+ 6. Qxc3 b6 7. Bg5 Bb7 8. e3 d6 9. Ne2 Nbd7 10. Qd3 h6
11. Bh4 Re8 12. Nc3 a5 13. Be2 Nf8 14. O-O Ng6 15. Bg3 Qe7 16. h3 e5 17. d5 e4 18. Qc2 h5 19. b4 h4 20. Bh2 Ba6
21. bxa5 bxa5 22. Nb5 Bxb5 23. cxb5 Nxd5 24. Rac1 Ra7 25. Qc6 Nf6 26. b6 cxb6 27. Bxd6 Qb7 28. Qb5 Qd5 29. Qxb6 Rb7 30. Qa6 Rb2
31. Rfd1 Qf5 32. Rb1 Rc2 33. Rb5 Qe6 34. Rc5 Qb3 35. Rxa5 Qa2 36. Kf1 Rec8 37. Bb4 Kh7 38. Rf5 Rc1 39. Qd6 R8c2 40. Qd4 Kg8
41. Rxc1 Rxc1+ 42. Bd1 Kh7 43. Ke1 Rb1 44. Rc5 Nf8 45. Rc6 Ng6 46. Qd2 Qa1 47. Rc7 Qe5 48. Qc2 Ra1 49. Rc4 Qh2 50. Bc3 Rxa3
51. Bxf6 gxf6 52. Qxe4 Ra1 53. Qd4 Ra2 54. Rc2 Ra6 55. Bf3 Qe5 56. Qxe5 fxe5 57. Rc7 Ra1+ 58. Kd2 Ra2+ 59. Kc3 Nh8 60. Be4+ Kh6
61. f4 exf4 62. exf4 Ra4 63. Rc4 Rxc4+ 64. Kxc4 Ng6 65. Bxg6 Kxg6 66. Kd3 Kf5 67. Ke3 Ke6 68. Kf2 Kf6 69. Ke3 Ke6 70. Ke4 f5+
71. Ke3 Ke7 72. Kf3=
1/2-1/2

[Event "David Bronstein Memorial"]
[Site "SchemingMind.com"]
[Date "2007.11.05"]
[Round "-"]
[White "GrischukFan"]
[Black "C. H. O'D. Schlechter"]
[Result "1/2-1/2"]
[WhiteCountry "GER"]
[BlackCountry "USA"]
[WhiteElo "2337"]
[WhiteRD "83"]
[BlackElo "2387"]
[BlackRD "71"]
[GameID "127210"]

1. e4 c6 2. d4 d5 3. e5 c5 4. dxc5 e6 5. Be3 Nh6 6. c3 Nd7 7. Bb5 Nf5 8. Bd4 a6 9. Ba4 Be7 10. Nf3 O-O
11. Nbd2 Nxc5 12. Bc2 Nxd4 13. cxd4 Nd7 14. h4 Qb6 15. Rb1 Qb5 16. Ng5 h6 17. Qh5 Nb6 18. a3 Qe8 19. Qe2 g6 20. Ngf3 Bd7
21. Qe3 Kg7 22. h5 g5 23. O-O Bb5 24. Rfc1 Rc8 25. Nh2 Rc6 26. Nb3 Nc4 27. Qd3 Rh8 28. Qd1 a5 29. Nd2 Nxd2 30. Qxd2 Qd8
31. Ng4 Qb6 32. Bd1 Rhc8 33. Rxc6=
1/2-1/2

[Event "David Bronstein Memorial"]
[Site "SchemingMind.com"]
[Date "2008.05.04"]
[Round "-"]
[White "C. H. O'D. Schlechter"]
[Black "Ilang"]
[Result "1/2-1/2"]
[WhiteCountry "USA"]
[BlackCountry "HUN"]
[WhiteElo "2392"]
[WhiteRD "72"]
[BlackElo "2317"]
[BlackRD "73"]
[GameID "152626"]

1. d4 d5 2. c4 c6 3. Nf3 Nf6 4. Nc3 e6 5. Bg5 h6 6. Bh4 g5 7. Bg3 dxc4 8. e4 b5 9. Be2 a6 10. O-O Bb7
11. Qc2 Nbd7 12. Rfd1 Qb6 13. Ne5 Bg7 14. b3 cxb3 15. axb3 O-O 16. Nxd7 Nxd7 17. e5 Rac8=
1/2-1/2

[Event "David Bronstein Memorial"]
[Site "SchemingMind.com"]
[Date "2008.05.04"]
[Round "-"]
[White "Ilang"]
[Black "C. H. O'D. Schlechter"]
[Result "1/2-1/2"]
[WhiteCountry "HUN"]
[BlackCountry "USA"]
[WhiteElo "2313"]
[WhiteRD "74"]
[BlackElo "2391"]
[BlackRD "69"]
[GameID "152633"]

1. e4 e5 2. Nf3 Nc6 3. Bb5 a6 4. Ba4 Nf6 5. O-O Be7 6. Re1 b5 7. Bb3 O-O 8. c3 d5 9. exd5 Nxd5 10. Nxe5 Nxe5
11. Rxe5 c6 12. d4 Bd6 13. Re1 Qh4 14. g3 Qh3 15. Qe2 Bd7 16. Qf1 Rae8 17. Rxe8 Qxf1+ 18. Kxf1 Rxe8 19. Kg2=
1/2-1/2